Statistics for NHL logos

Click here to take the quiz!

General Stats

  • This quiz has been taken 132 times
  • The average score is 28 of 32

Answer Stats

Answer% Correct
Colorado Avalanche
95%
Toronto Maple Leafs
95%
Boston Bruins
93%
Tampa Bay Lightning
93%
Detroit Red Wings
92%
San Jose Sharks
92%
Dallas Stars
91%
New York Rangers
91%
Anaheim Ducks
90%
Edmonton Oilers
90%
Los Angeles Kings
90%
New Jersey Devils
90%
Pittsburgh Penguins
90%
Calgary Flames
89%
Carolina Hurricanes
89%
Florida Panthers
89%
Minnesota Wild
89%
New York Islanders
89%
Washington Capitals
88%
Winnipeg Jets
88%
Philadephia Flyers
87%
Saint Louis Blues
87%
Chicago Blackhawks
86%
Seattle Kraken
86%
Buffalo Sabres
85%
Montreal Canadiens
85%
Vegas Golden Knights
82%
Arizona Coyotes
81%
Nashville Predators
80%
Ottawa Senators
79%
Vancouver Canucks
79%
Colombus Blue Jackets
78%

Score Distribution

Percentile by Number Answered

Percent of People with Each Score

Your Score History

You have not taken this quiz